| 000 | 00739nam a2200205 a 4500 | ||
|---|---|---|---|
| 005 | 20150113144314.0 | ||
| 008 | 150113b xxu||||| |||| 00| 0 spa d | ||
| 040 |
_aCO-BoIAVH _cCO-BoIAVH |
||
| 041 | _aspa | ||
| 090 |
_aIAVH _b01395 |
||
| 100 |
_aTorres N., Andrés _92806 |
||
| 245 |
_aPlan de mercadeo y evaluación de oportunidades comerciales _bInforme final |
||
| 260 |
_aBogotá _bIAVH _c2006 |
||
| 300 | _a57 p. | ||
| 505 | _aCD Contiene: Copia del informe final -- Módulo de capacitación en mercadeo -- Plan de mercadeo -- Sondeo de mercado -- Taller Plan de mercadeo | ||
| 650 |
_aPlantas medicinales _931403 |
||
| 650 |
_aPlantas aromáticas _92208 |
||
| 650 |
_aComercialización de productos _96152 |
||
| 942 |
_cINFORME _01 _2z |
||
| 999 |
_c7208 _d7208 |
||